| 000 | 01020cas a22002415a 4500 | ||
|---|---|---|---|
| 001 | L153345 | ||
| 008 | 110712c2011 xxkux eng u | ||
| 035 | _a(Sirsi) u153345 | ||
| 041 | 0 | _aeng | |
| 050 | _a333.33 $2 18 | ||
| 110 | 2 |
_aCB Richard Ellis _93675 |
|
| 245 | 0 | 0 |
_aUK Regional Office ViewPoint _h[electronic resource] |
| 260 |
_a[S.l.] _bCBRE _c2011- |
||
| 362 | 0 | _aCurrent issue only | |
| 490 | 0 | _aCB Richard Ellis UK Regional Office ViewPoint | |
| 520 | _aFocuses on a specific aspect of the UK regional office market in each issue covering such themes as the impact of public sector reduction on the office market. | ||
| 554 | _aOccasional | ||
| 650 | 2 | 4 | _aCB RICHARD ELLIS UK REGIONAL OFFICE VIEWPOINT |
| 651 | 4 |
_aUnited Kingdom _y |
|
| 690 | _aPROPERTY-COMMERCIAL PROPERTY-COMMERCIAL PROPERTY MARKET | ||
| 856 | 4 | 8 |
_uhttps://www.cbre.co.uk/portal/page/portal/uk_en/research _zView the report free of charge (type UK Regional Office ViewPoint in keyword search box) at www.cbre.co.uk |
| 942 | _n0 | ||
| 999 |
_c119325 _d119325 |
||